Vulnerabilidad: el entorno social, político y económico de los desastres /
Uloženo v:
| Hlavní autor: | |
|---|---|
| Další autoři: | |
| Médium: | Text |
| Vydáno: |
Bogotá:
La Red
|
| Tagy: |
Přidat tag
Žádné tagy, Buďte první, kdo vytvoří štítek k tomuto záznamu!
|
MARC
| LEADER | 00000 a a2200000 04500 | ||
|---|---|---|---|
| 001 | 29321 | ||
| 003 | |||
| 040 | |||
| 090 | |a 191200 | ||
| 100 | |a Blaikie, Piers | ||
| 245 | |a Vulnerabilidad: el entorno social, político y económico de los desastres / |c Piers Blaikie | ||
| 260 | |a Bogotá: |b La Red | ||
| 300 | |a 374 p |b map. |b gráficas | ||
| 500 | |a Incluye índice | ||
| 700 | |a Cannon, Terry |a Davis, Ian |a Wisner, Ben | ||
| 999 | |c 12071 |d 12071 | ||
